LEADER 00839nam a2200229 4500 001 000000337665 003 CaOOAMICUS 005 20191031000000.0 008 191031s2005 fr 000 u fre r 020 $a2-07-036953-6 040 $aSeMil$bita 100 1 $aModiano, Patrick,$d<1945- >.$0(OLS)http://semarc/name/45109 245 10$aVilla Triste /$cPatrick Modiano. 264 3$a[Paris] :$bGallimard,$c2005. 300 $a208 p. ;$c18 cm 830 0$aFolio ;$v953.$0(OLS)http://semarc/title/11095 850 $aSeMil 852 $aSeMil$W1$xVenegono$y1$m1V V 295$j218141$B229218$CSeMilBibl$Z2$F229218 $81 996 $6020$a2-07-036953-6$9(OLS)http://semarc/number/289096 996 $6245$aVilla Triste$9(OLS)http://semarc/title/426639 996 $6264$a[Paris] :$bGallimard$9(OLS)http://semarc/publisher/30050 LEADER 01311nam a2200313 i 4500 001 000000119701 003 CaOOAMICUS 005 20190605170154.0 008 031120s2003 it u000 u ita u 013 $a92395 020 $a88-420-6980-9 040 $aSeMil$bita 100 1 $aGiaccardi, Chiara,$d<1959- >.$0(OLS)http://semarc/name/47628 245 12$aL'io globale :$bdinamiche della società contemporanea /$cChiara Giaccardi, Mauro Magatti. 250 $a2. ed. 260 $aRoma ; Bari :$bLaterza,$c2003. 300 $aXI, 267 p. ;$c22 cm. 490 0 $aLibri del tempo ;$v345 650 4$aSocializzazione.$0(OLS)http://semarc/subject/6508 650 4$aIndividuo e società.$0(OLS)http://semarc/subject/5183 700 1 $aMagatti, Mauro,$d<1960- >.$0(OLS)http://semarc/name/43511 830 0$aLibri del tempo ;$v345.$0(OLS)http://semarc/title/6927 850 $aSeMil 852 $aSeMil$W1$xVenegono$y1$m3N V 652$j213846$B74908$CSeMilBibl$Z2$F77120 $81 961 $aAcquisto: Àncora (Libreria) 996 $6020$a88-420-6980-9$9(OLS)http://semarc/number/104666 996 $6245$aL'io globale :$bdinamiche della società contemporanea$9(OLS)http://semarc/title/175986 996 $6260$aRoma ; Bari :$bLaterza$9(OLS)http://semarc/publisher/30305